| 000 | 00717nam a2200205 4500 | ||
|---|---|---|---|
| 008 | 010827s1988 us 0 engYA | ||
| 020 | _a0804231192 | ||
| 090 |
_aBS491.2 _bIn8m _bActs |
||
| 100 | 1 | _aWillimon, William H. | |
| 245 | 1 | 0 |
_aActs / _cWilliam H. Willimon, James Luther Mays, series editor. |
| 260 |
_aLouisville : _bJohn Knox Press, _cc1988. |
||
| 300 | _avii, 197 p. | ||
| 490 | 1 | _aInterpretation, a Bible commentary for teaching and preaching | |
| 504 | _aBiblio. : pp. 195-197. | ||
| 650 | 4 |
_aBible. N.T. Acts _xCommentaries. |
|
| 650 | 4 |
_aBible. N.T. Acts _xHomiletical use. |
|
| 700 | 1 | _aMays, James Luther | |
| 950 | 0 | _19.00 | |
| 951 |
_p13791 _oBS491.2/In8m/Acts _j070613110952765 _d2000-12-21 _cREF |
||
| 999 |
_c3482 _d3482 |
||